Harry Potter A-Z - Statistics

General Stats
  • This quiz has been taken 65 times
  • The average score is 19 of 26
Answer Stats
Hint Answer % Correct
A First name of Hogwart's Headmaster. Albus
97%
B Monster housed in the Chamber of Secrets. Basilisk
93%
D Last name of Hufflepuff killed in the Triwizard tournament. Diggory
92%
E Beginning of the spell to produce your Patronus. Expecto
85%
G First name of one of the founders of Hogwarts and founder of Gryffindor House. Godric
85%
H Hogwarts gamekeeper and all around softie. Hagrid
85%
R If you are intelligent, witty, wise, and creative you'll likely be sorted here. Ravenclaw
85%
F Tasty treat or last name of the Minister of Magic. Fudge
83%
S Alliterative potions professor and head of Slytherin (both names are needed). Severus Snape
83%
V Who else but he who cannot be named? Voldemort
83%
U Last name of one of the most hated but most compelling villians. Umbridge
81%
N First name student instrumental in the downfall of Voldemort and destroys the final Horcrux Neville
80%
O One stop wand shop. Ollivanders
78%
W Surname of a lovable bunch. Weasley
78%
Q Harry's first year Defence Against the Dark Arts professor. Quirrell
76%
T This auror known primarily by her surname is a fan fav. Tonks
75%
P Mischievous Hogwarts poltergeist. Peeves
71%
I One of the unforgivable curses, this allows the caster complete control over another person's actions. Imperius
66%
J Mrs. Weasley famously makes these for the family for Christmas. Jumper
66%
K House elf that belongs to Sirius. Kreacher
64%
X Father to Luna. Xenophilius
64%
C Inhabiting the Forbidden Forest. Centaurs
63%
M Magical plant that resembles a baby with a root-like body. Don't make it cry. Mandrake
63%
L Alliterative character who is perceptive of human nature Luna Lovegood
56%
Z Last name of minor character, Blaise. Zabini
51%
Y Surname of one of the dark wizards and a Death Eater. Yaxley
47%
No matching quizzes found
Score Distribution
Percent of People with Each Score
Percentile by Number Answered
Your Score History
You have not taken this quiz